MARC details
| 000 -LEADER |
| fixed length control field |
02273nam a2200409Ii 4500 |
| 001 - CONTROL NUMBER |
| control field |
9781787435339 |
| 003 - CONTROL NUMBER IDENTIFIER |
| control field |
UtOrBLW |
| 005 - DATE AND TIME OF LATEST TRANSACTION |
| control field |
20210303084944.0 |
| 006 - FIXED-LENGTH DATA ELEMENTS--ADDITIONAL MATERIAL CHARACTERISTICS |
| fixed length control field |
m o d |
| 007 - PHYSICAL DESCRIPTION FIXED FIELD--GENERAL INFORMATION |
| fixed length control field |
cr un||||||||| |
| 008 - FIXED-LENGTH DATA ELEMENTS--GENERAL INFORMATION |
| fixed length control field |
171115t20172017enk ob 001 0 eng d |
| 020 ## - INTERNATIONAL STANDARD BOOK NUMBER |
| International Standard Book Number |
9781787435339 |
| Qualifying information |
(e-book) |
| 040 ## - CATALOGING SOURCE |
| Original cataloging agency |
UtOrBLW |
| Language of cataloging |
eng |
| Description conventions |
rda |
| Transcribing agency |
UtOrBLW |
| 043 ## - GEOGRAPHIC AREA CODE |
| Geographic area code |
e------ |
| 050 #4 - LIBRARY OF CONGRESS CALL NUMBER |
| Classification number |
HD2744 |
| Item number |
.L34 2017 |
| 072 #7 - SUBJECT CATEGORY CODE |
| Subject category code |
BUS104000 |
| Source |
bisacsh |
| 072 #7 - SUBJECT CATEGORY CODE |
| Subject category code |
KJR |
| Source |
bicssc |
| 080 ## - UNIVERSAL DECIMAL CLASSIFICATION NUMBER |
| Universal Decimal Classification number |
658.7 |
| 082 04 - DEWEY DECIMAL CLASSIFICATION NUMBER |
| Classification number |
659.285 |
| Edition number |
23 |
| 100 1# - MAIN ENTRY--PERSONAL NAME |
| Personal name |
Lafarre, Anne, |
| Relator term |
author. |
| 245 14 - TITLE STATEMENT |
| Title |
The AGM in Europe : |
| Remainder of title |
theory and practice of shareholder behaviour / |
| Statement of responsibility, etc. |
Anne Lafarre (Assistant professor, Tilburg University). |
| 264 #1 - PRODUCTION, PUBLICATION, DISTRIBUTION, MANUFACTURE, AND COPYRIGHT NOTICE |
| Name of producer, publisher, distributor, manufacturer |
Emerald Publishing Limited, |
| 300 ## - PHYSICAL DESCRIPTION |
| Extent |
1 online resource (xvi, 329 pages). |
| 500 ## - GENERAL NOTE |
| General note |
Includes index. |
| 504 ## - BIBLIOGRAPHY, ETC. NOTE |
| Bibliography, etc. note |
Includes bibliographical references. |
| 520 ## - SUMMARY, ETC. |
| Summary, etc. |
Business, Economics and Legal scholars have all argued about the theoretical importance of annual general meetings in assessing business shareholder relations and wider issues of corporate governance, but often without knowing how the AGM functions in practice. Anne Lafarre combines wide ranging empirical legal and economic research to analyse and understand the real role of the AGM in the European businesses and corporate governance frameworks today. Focusing on seven European member states (Austria, Belgium, France, Germany, Ireland, the Netherlands and the UK) the author persuasively explores how the impact of legal rulings and business pressures effects shareholder representation in European AGMs and their propensity to affect change through these forums. Drawing wide ranging data sets to challenge existing economic and legal theory, the author presents practical conclusions and future policy implications. |
| 588 0# - SOURCE OF DESCRIPTION NOTE |
| Source of description note |
Print version record |
| 650 #0 - SUBJECT ADDED ENTRY--TOPICAL TERM |
| Topical term or geographic name entry element |
Corporations |
| General subdivision |
Investor relations |
| Geographic subdivision |
Europe. |
| 650 #0 - SUBJECT ADDED ENTRY--TOPICAL TERM |
| Topical term or geographic name entry element |
Corporate governance |
| Geographic subdivision |
Europe. |
| 650 #0 - SUBJECT ADDED ENTRY--TOPICAL TERM |
| Topical term or geographic name entry element |
Stockholders' meetings |
| Geographic subdivision |
Europe. |
| 776 ## - ADDITIONAL PHYSICAL FORM ENTRY |
| International Standard Book Number |
9781787435346 |
| 856 40 - ELECTRONIC LOCATION AND ACCESS |
| Uniform Resource Identifier |
<a href="https://www.emerald.com/insight/publication/doi/10.1108/9781787435339">https://www.emerald.com/insight/publication/doi/10.1108/9781787435339</a> |